| 000 | 00755cam a22002413a 4500 | ||
|---|---|---|---|
| 001 | 21764 | ||
| 003 | PGUSA | ||
| 005 | 20140828083449.0 | ||
| 008 | 070608s2007||||xxu|||||s|||||000 | eng d | ||
| 040 |
_aPGUSA _beng |
||
| 042 | _adc | ||
| 050 | 4 | _aPZ | |
| 100 | 1 | _aMenefee, Maud | |
| 245 | 1 | 0 |
_aChild Stories from the Masters : _bBeing a Few Modest Interpretations of Some Phases of the Master Works Done in a Child Way _h[electronic resource] / _cMaud Menefee |
| 260 |
_bProject Gutenberg, _c2007 |
||
| 506 | _aPublic domain in the USA. | ||
| 516 | _aElectronic text | ||
| 653 | _aChildren's stories | ||
| 653 | _aLiterature -- Adaptations | ||
| 830 | 0 |
_aProject Gutenberg _v21764 |
|
| 856 | 4 | 0 | _uhttp://www.gutenberg.org/ebooks/21764 |
| 942 | _cEB | ||
| 999 |
_c251019 _d251019 |
||